NFL Teams that have won the Super Bowl - Sudden Death - Statistics

General Stats
  • This quiz has been taken 882 times
  • The average score is 13 of 20
Answers on the Grid
Answers color-coded by a green-red scale on the quiz's grid according to % correct below.
Arizona Cardinals
Atlanta Falcons
Baltimore Ravens
Buffalo Bills
Carolina Panthers
Chicago Bears
Cincinnati Bengals
Cleveland Browns
Dallas Cowboys
Denver Broncos
Detroit Lions
Green Bay Packers
Houston Texans
Indianapolis Colts
Jacksonville Jaguars
Kansas City Chiefs
Las Vegas Raiders
Los Angeles Chargers
Los Angeles Rams
Miami Dolphins
Minnesota Vikings
New England Patriots
New Orleans Saints
New York Giants
New York Jets
Philadelphia Eagles
Pittsburgh Steelers
San Francisco 49ers
Seattle Seahawks
Tampa Bay Buccaneers
Tennessee Titans
Washington Commanders
 
Answer Stats
Answer % Correct
Baltimore Ravens
84%
Dallas Cowboys
76%
Kansas City Chiefs
74%
Denver Broncos
72%
Green Bay Packers
72%
Chicago Bears
69%
New England Patriots
68%
San Francisco 49ers
67%
Los Angeles Rams
66%
Pittsburgh Steelers
66%
Philadelphia Eagles
65%
Tampa Bay Buccaneers
64%
Seattle Seahawks
63%
New York Giants
62%
Indianapolis Colts
61%
New Orleans Saints
59%
Miami Dolphins
54%
New York Jets
52%
Washington Commanders
52%
Las Vegas Raiders
49%
No matching quizzes found
Score Distribution
Percent of People with Each Score
Percentile by Number Answered
Your Score History
You have not taken this quiz